Loading...
First book of Sanskrit /
| Main Author: | |
|---|---|
| Format: | Printed Book |
| Language: | English |
| Published: |
New Delhi :
Light & Life,
1978.
|
| LEADER | 00521nam a2200145Ia 4500 | ||
|---|---|---|---|
| 008 | 150624b xxu||||| |||| 00| 0 eng d | ||
| 082 | |a 491.25 | ||
| 100 | |a Bhandarkar, Ramkrishna Gopal | ||
| 245 | |a First book of Sanskrit / |c Ramkrishna Gopal Bhandarkar | ||
| 260 | |a New Delhi : |b Light & Life, |c 1978. | ||
| 300 | |a 224 p. | ||
| 500 | |a Rev by Shridhar R Bhandarkar | ||
| 942 | |c BK | ||
| 999 | |c 21914 |d 21914 | ||
| 952 | |0 0 |1 0 |4 0 |6 491_250000000000000_BHA_F |7 0 |9 21913 |a UL |b UL |c ST2 |d 1998-09-01 |l 0 |o 491.25 BHA/F |p 32022 |r 2012-10-27 |w 2012-10-27 |y BK | ||